Country Flags with Plant on Them - Statistics

General Stats
  • This quiz has been taken 86 times
  • The average score is 21 of 23
Answer Stats
Picture Answer % Correct
Canada
100%
Cyprus
99%
Spain
99%
Lebanon
97%
Mexico
96%
San Marino
95%
Dominican Republic
93%
Turkmenistan
93%
Haiti
92%
Sri Lanka
92%
El Salvador
91%
Paraguay
91%
Ecuador
89%
Fiji
88%
Moldova
88%
Belize
87%
Bolivia
86%
Eritrea
84%
Guatemala
84%
Peru
83%
Equatorial Guinea
80%
Vanuatu
79%
Grenada
78%
No matching quizzes found
Score Distribution
Percent of People with Each Score
Percentile by Number Answered
Your Score History
You have not taken this quiz